000 00879nam a2200277Ia 4500
003 OSt
005 20220928125352.0
006 a|||||r|||| 00| 0
007 ta
008 220927b |||||||| |||| 00| 0 eng d
020 _c3144.4137000000001
024 _a115558
037 _b106, 29/02/2012, Excel Book International
_cTextual
040 _aSDCL
_cSDCL
_beng
041 _2eng
_aeng
082 _aX:271.1'P, Q2
100 _aSterner Thomas
_9469397
245 0 _aPolicy instruments for environmental and natural resource management.
250 _a2
260 _aNew York
_b RFF Press
_c2012
300 _axvii,638p
_ccm.
650 _aBusiness Economics
_9391653
700 _a Coria Jessica
_9469398
942 _hX:271.1'P, Q2
_cTEXL
_2CC
999 _c782058
_d782058